Memoria /

Gespeichert in:
Bibliographische Detailangaben
1. Verfasser: Vannini, Margarita
Körperschaft: Universidad Centroamericana. Instituto de Historia de Nicaragua y Centroamérica
Weitere Verfasser: ed. Kinloch Tijerino, Frances ed
Format: Text
Veröffentlicht: UCA. IHNCA
Schlagworte:
Tags: Tag hinzufügen
Keine Tags, Fügen Sie den ersten Tag hinzu!

MARC

LEADER 00000 a a2200000 04500
001 29146
003
040 |a CRAI/IIS  |c CRAI/IIS 
090 |a 190706  
100 |a Vannini, Margarita  
110 |a Universidad Centroamericana. Instituto de Historia de Nicaragua y Centroamérica  
245 |a Memoria /  |c Margarita Vannini 
260 |a UCA. IHNCA  
300 |a 282 p   |b il.  
650 |a NACIONALIDAD  
650 |a IDENTIDAD CULTURAL  
650 |a NICARAGÜENSES  
650 |a DISCRIMINACION  
650 |a MIGRACION  
650 |a REFUGIADOS  
650 |a ENTREVISTAS  
650 |a MANO DE OBRA  
650 |a DESEMPLEO  
650 |a ETNICIDAD  
650 |a DEMOCRACIA  
650 |a NACIONALISMO  
650 |a PLURALISMO CULTURAL  
700 |a ed.   |a Kinloch Tijerino, Frances   |a ed.  
999 |c 7120  |d 7120